000 00420 a2200157 4500
001 190268
020 _a978-85-7516-618-5
040 _cMagnum
100 _aRibeiro, Betânia de Oliveira Laterza
240 1 0 _aGrupos escolares na modernidade mineira
_lpor
245 1 0 _aGrupos escolares na modernidade mineira
300 _a352
362 0 _a2012
697 _aEDUCAÇÃO EM GERAL E DISCIPLINAS AFINS
942 _cBK
999 _c190268
_d190268